Central Library OPAC University of Rajshahi

Readings in decision analysis : (Record no. 15436)

MARC details
000 -LEADER
fixed length control field 01073cam a2200289 a 4500
001 - CONTROL NUMBER
control field 15436
003 - CONTROL NUMBER IDENTIFIER
rucl marc code BD-RjUL
005 - DATE AND TIME OF LATEST TRANSACTION
control field 20211208235821.0
008 - FIXED-LENGTH DATA ELEMENTS--GENERAL INFORMATION
fixed length control field 140210s1989 enka b 001 0 eng
020 ## - INTERNATIONAL STANDARD BOOK NUMBER
International Standard Book Number 0412311208
International Standard Book Number 041232170X (pbk.)
035 ## - SYSTEM CONTROL NUMBER
System control number (BD-RjUL)15490
040 ## - CATALOGING SOURCE
Original cataloging agency DLC
Transcribing agency DLC
Modifying agency DLC
Language of cataloging eng
041 ## - LANGUAGE CODE
Language code of text/sound track or separate title eng
082 00 - DEWEY DECIMAL CLASSIFICATION NUMBER
Classification number 658.403
Edition number 19
Author mark and year REA 1989
245 00 - TITLE STATEMENT
Title Readings in decision analysis :
Remainder of title a collection of edited readings, with accompanying notes, taken from publications of the Operational Research Society of Great Britain /
Statement of responsibility, etc. [edited by] Simon French.
260 ## - PUBLICATION, DISTRIBUTION, ETC. (IMPRINT)
Place of publication, distribution, etc. London ;
-- New York :
Name of publisher, distributor, etc. Chapman and Hall,
Date of publication, distribution, etc. 1989.
300 ## - PHYSICAL DESCRIPTION
Pagination viii, 210 p. :
Illustrations ill. ;
Size 24 cm.
504 ## - BIBLIOGRAPHY, ETC. NOTE
Bibliography, etc Includes bibliographies and index.
650 #0 - SUBJECT ADDED ENTRY--TOPICAL TERM
Topical term or geographic name as entry element Decision making.
9 (RLIN) 47944
700 1# - ADDED ENTRY--PERSONAL NAME
Personal name French, Simon,
Dates associated with a name 1950-
710 2# - ADDED ENTRY--CORPORATE NAME
Corporate name or jurisdiction name as entry element Operational Research Society (Great Britain)
9 (RLIN) 47946
856 42 - ELECTRONIC LOCATION AND ACCESS
Materials specified Publisher description
Uniform Resource Identifier <a href="http://www.loc.gov/catdir/enhancements/fy0742/88025700-d.html">http://www.loc.gov/catdir/enhancements/fy0742/88025700-d.html</a>
942 ## - ADDED ENTRY ELEMENTS (KOHA)
Source of classification or shelving scheme Dewey Decimal Classification
Koha item type Books
Holdings
Lost status Source of classification or shelving scheme Damaged status Not for loan Collection code Permanent Location Current Location Shelving location Date acquired Source of acquisition Cost, normal purchase price Total Checkouts Full call number Date last seen Copy number Koha item type
  Dewey Decimal Classification     Non-fiction Central Library, University of Rajshahi Central Library, University of Rajshahi   13/09/2008 Donation from administrator 0.00   658.403 FRR 1989 10/02/2014 C-2 Books
  Dewey Decimal Classification   Not For Loan Non-fiction Central Library, University of Rajshahi Central Library, University of Rajshahi Reading Room 13/09/2008 Rajshahi R.U.C.L.     658.403 FRR 1989 17/01/2017 C-1 Books